Politics and government in the Visegrad countries Poland, Hungary, the Czech Republic and Slovakia

Bibliographic Details
Main Author: Fitzmaurice, John, 1947-2003 (Author)
Format: Electronic eBook
Language:English
PhysicalDescription:1 online resource (xvi, 204 pages)
Published: New York St. Martin's Press 1998
ISBN:9780230373228 (electronic bk)
0230373224 (electronic bk)
Subjects:
Online Access:EBSCOhost

MARC

LEADER 00000cam a2200000Ka 4500
001 vtls010966482
003 SK-MaSNL
005 20260425233127.0
007 cr bn||||||abp
007 cr bn||||||ada
008 251104s1998 xxu ob 001 0 eng
019 |a 629159749  |a 759111408 
020 |a 9780230373228 (electronic bk) 
020 |a 0230373224 (electronic bk) 
020 |z 0312215614 (cloth) 
020 |z 9780312215613 (cloth) 
020 |z 0333659643 
020 |z 9780333659649 
035 |a (OCoLC)607118781  |z (OCoLC)629159749  |z (OCoLC)759111408 
035 |a (VRT)ocn607118781 
037 |a 566790  |b Palgrave Macmillan  |n http://www.palgraveconnect.com 
040 |a SNK  |b slo  |e pn  |c SNK 
042 |a dlr 
043 |a ec----- 
049 |a MAIN 
050 4 |a JN96.A58  |b F57 1998 
072 7 |a POL  |x 016000  |2 bisacsh 
080 |a 320.943/09/049  |2 21 
084 |a 89.74  |2 bcl 
100 1 |a Fitzmaurice, John,  |d 1947-2003  |4 aut  |9 488634 
245 1 0 |a Politics and government in the Visegrad countries  |b Poland, Hungary, the Czech Republic and Slovakia  |c John Fitzmaurice 
260 |a New York  |b St. Martin's Press  |c 1998 
300 |a 1 online resource (xvi, 204 pages) 
336 |a text  |b txt  |2 rdacontent 
337 |a computer  |b c  |2 rdamedia 
338 |a online resource  |b cr  |2 rdacarrier 
504 |a Includes bibliographical references (pages 196-199) and index. 
505 0 |a Acknowledgements -- Introduction -- A Modern History of the Region -- The Collapse of Communism -- Economy and Society -- Theories of Transition -- Constitution Building -- The Presidency -- The Governments -- Local Government -- The Judiciary -- Parliaments -- The Party Systems -- Other Political Actors -- Foreign Policy -- Sources and Bibliography -- Index 
506 |3 Use copy  |f Restrictions unspecified  |2 star  |5 MiAaHDL 
533 |a Electronic reproduction.  |b [S.l.]  |c HathiTrust Digital Library  |d 2010  |5 MiAaHDL 
538 |a Master and use copy. Digital master created according to Benchmark for Faithful Digital Reproductions of Monographs and Serials, Version 1. Digital Library Federation, December 2002  |u http://purl.oclc.org/DLF/benchrepro0212  |5 MiAaHDL 
583 1 |a digitized  |c 2010  |h HathiTrust Digital Library  |l committed to preserve  |2 pda  |5 MiAaHDL 
588 |a Description based on print version record 
648 7 |a since 1989  |2 fast  |9 335415 
650 0 7 |a Post-communism  |z Europe, Central  |2 SNK  |9 488635 
650 0 7 |a POLITICAL SCIENCE  |x Political Process  |x General  |2 bisacsh  |9 339347 
650 0 7 |a Political science  |2 fast  |0 (OCoLC)fst01069781  |9 265833 
650 0 7 |a Post-communism  |2 fast  |0 (OCoLC)fst01072730  |9 302788 
650 0 7 |a Binnenlandse politiek  |2 gtt  |9 488636 
650 0 7 |a Postcommunisme  |z Europe centrale  |2 ram  |9 488637 
650 0 7 |a Institutions politiques  |z Europe centrale  |2 ram  |9 488638 
650 0 7 |a postkomunizmus  |2 SNKPH  |9 4487 
650 0 7 |a politika a vláda  |2 SNKPH  |9 3868 
651 7 |a Europe, Central  |2 SNK  |9 98219 
651 7 |a Europe, Central  |2 fast  |0 (OCoLC)fst01244544  |9 98219 
651 7 |a Europe, Central  |2 ram  |9 98219 
651 7 |a Poľsko  |2 SNKPHgeo  |9 16755 
651 7 |a Maďarsko  |2 SNKPHgeo  |9 16754 
651 7 |a Česko  |2 SNKPHgeo  |9 16753 
651 7 |a Slovensko  |2 SNKPHgeo  |9 14231 
651 7 |a Európa stredná  |2 SNKPHgeo  |9 23970 
655 7 |a štúdie  |2 SNKPH  |9 57033 
655 7 |a elektronické zdroje  |2 SNKPH  |9 90954 
655 7 |a Electronic books  |2 SNK  |9 333512 
776 0 8 |i Print version:  |a Fitzmaurice, John  |t Politics and government in the Visegrad countries  |d New York : St. Martin's Press, 1998  |w (DLC) 98017297  |w (OCoLC)38765132 
856 4 0 |3 EBSCOhost  |u http://search.ebscohost.com/login.aspx?direct=true&scope=site&db=nlebk&db=nlabk&AN=492119 
938 |a ebrary  |b EBRY  |n ebr10612354 
938 |a EBSCOhost  |b EBSC  |n 492119 
999 |c 757397  |d 759327 
952 |a SNK  |b SNK  |y NEVYP  |7 1  |o snkSEZ 42  |i snk2015/29532  |8 3  |g 205.00  |0 0  |1 0  |4 0  |d 2015-10-23  |l 0  |r 2026-02-23 23:53:25  |w 2026-02-23